banner koha

Production of rocket under salt stress in hydroponic systems (Registro n. 247226)

MARC details
000 -LÍDER
campo de controle de tamanho fixo 00955nas a2200337 4500
001 - NÚMERO DE CONTROLE
campo de controle BR2015006898
003 - IDENTIFICADOR DO NÚMERO DE CONTROLE
campo de controle BR-BrBNA
005 - DATA E HORÁRIO DA ÚLTIMA TRANSAÇÃO
campo de controle 20231205125957.0
007 - CAMPO FIXO DE DESCRIÇÃO FÍSICA--INFORMAÇÃO GERAL
campo de controle de tamanho fixo ta
008 - CAMPO DE DADOS FIXOS--INFORMAÇÃO GERAL
campo de controle de tamanho fixo 230509b bl.|||p| |||| 00| 00por d
040 ## - FONTE DA CATALOGAÇÃO
Instituição da catalogação original BR-BrBNA
Idioma da catalogação por
Instituição que transcreveu o registro Biblioteca Nacional de Agricultura
041 ## - CÓDIGO DE IDIOMA
Código do idioma do texto/trilha sonora ou título diferente (En)
072 ## - CÓDIGO DE CATEGORIA DE ASSUNTO
Código de Categoria de Assunto F01; P10
100 1# - ENTRADA PRINCIPAL--NOME PESSOAL
Nome pessoal Jesus, C.G.
100 1# - ENTRADA PRINCIPAL--NOME PESSOAL
Nome pessoal Silva Júnior, F.J.
100 1# - ENTRADA PRINCIPAL--NOME PESSOAL
Nome pessoal Camara, T.R.
100 1# - ENTRADA PRINCIPAL--NOME PESSOAL
Nome pessoal Silva, E.F.F.
100 1# - ENTRADA PRINCIPAL--NOME PESSOAL
Nome pessoal Willadino, L.
245 1# - TÍTULO
Título Production of rocket under salt stress in hydroponic systems
650 ## - ASSUNTO--TERMO TÓPICO
Cabeçalho tópico ou nome geográfico RUCULA
650 ## - ASSUNTO--TERMO TÓPICO
Cabeçalho tópico ou nome geográfico HORTALICA FOLHOSA
650 ## - ASSUNTO--TERMO TÓPICO
Cabeçalho tópico ou nome geográfico ERUCA SATIVA
650 ## - ASSUNTO--TERMO TÓPICO
Cabeçalho tópico ou nome geográfico ENZIMA
650 ## - ASSUNTO--TERMO TÓPICO
Cabeçalho tópico ou nome geográfico ANTIOXIDANTE
650 ## - ASSUNTO--TERMO TÓPICO
Cabeçalho tópico ou nome geográfico HORTALICA FOLHOSA
650 ## - ASSUNTO--TERMO TÓPICO
Cabeçalho tópico ou nome geográfico ERUCA SATIVA
650 ## - ASSUNTO--TERMO TÓPICO
Cabeçalho tópico ou nome geográfico ENZIMA
773 0# - ENTRADA ANALÍTICA
Título Horticultura Brasileira (Brazil)
ISSN - International Standard Serial Number ISSN 0102-0536
Partes relacionadas (Oct-Dec 2015), v. 33(4) p. 493-497
Número de controle do registro BR2015006898
909 ## -
-- 202311
-- Lúcia
-- 55
-- Lúcia Elande
942 ## - ELEMENTOS DE ENTRADA ADICIONADOS (KOHA)
Fonte da classificação ou esquema de arquivamento na estante Classificação AGRIS
Ocultar no OPAC Não
Tipo de material Koha Analítica
Exemplares
Situação do descarte Fonte da classificação ou esquema de arquivamento na estante Situação física Não pode ser emprestado Biblioteca de origem Biblioteca atual Localização na estante Enumeração do periódico / cronologia Total de empréstimos Data de último acesso Número do exemplar Tipo de material Koha Fonte de aquisição
  Classificação AGRIS   Consulta local Biblioteca Nacional de Agricultura - Binagri Biblioteca Nacional de Agricultura - Binagri   (Oct-Dec 2015), v. 33(4) p. 493-497   29/11/2023 01 Periódicos Portaria Interministerial nº 164/94

BINAGRI

Telefone: (61)3218-2567/2388/3357/2097 - binagri@agro.gov.br

Ministério da Agricultura e Pecuária , Esplanada dos Ministérios, Bloco D, Anexo B, Brasília/DF, CEP: 70.043-900